Introduction to Lie algebras and representation theory /

Guardado en:
Autor Principal: Humphreys, James E.
Formato: Libro
Idioma:English
Publicado: New York : Springer-Verlag, [1978?], c1972.
Edición:2nd print., rev.
Series:Graduate texts in mathematics ; 9
Materias:
Etiquetas: Agregar Etiqueta
Sin Etiquetas, Sea el primero en etiquetar este registro!
LEADER 00811cam a2200253 a 4500
001 MAT.inmabb002896
008 730207t19781972nyu######b####001#0#eng##
005 20130301131820.0
245 1 0 |a Introduction to Lie algebras and representation theory /  |c J. E. Humphreys. 
250 |a 2nd print., rev. 
260 |a New York :  |b Springer-Verlag,  |c [1978?], c1972. 
300 |a xii, 169 p. ;  |c 25 cm. 
440 0 |a Graduate texts in mathematics ;  |v 9 
504 |a Bibliografía: p. 165-166. 
510 4 |a MR,  |c 81b:17007 
020 |a 0387900535 
020 |a 0387900527 (pbk) 
100 1 |a Humphreys, James E. 
650 0 |a Lie algebras. 
650 0 |a Representations of groups. 
650 0 |a Representations of algebras. 
084 |a 17Bxx  |2 msc2000 
040 |a DLC  |c DLC  |d DLC 
859 |h 17  |i H927  |p A-4969  |b BIB. MATEMATICA